000 00301 a2200121 4500
000 nam a22 7a 4500
005 20260305112157.0
020 _a9788177022216
100 _aRam Karan Sharma
_91123573
245 _aSarvansaha (Kavyasangrah)
260 _bPratibha Prakashan
_c2010
942 _cTEXL
999 _c1688454
_d1688454